|
|
|
|
| LEADER |
00000nam0a2200000 4500 |
| 001 |
357610 |
| 005 |
20231102011017.0 |
| 035 |
|
|
|a (RuTPU)RU\TPU\retro\14878
|
| 090 |
|
|
|a 357610
|
| 100 |
|
|
|a 20200807d1910 km y0rusy50 ca
|
| 101 |
1 |
|
|a rus
|c ger
|
| 102 |
|
|
|a RU
|
| 105 |
|
|
|a a z 001zy
|
| 200 |
1 |
|
|a Основы физической химии
|e пер. с нем.
|f В. Ф. Оствальд
|g под ред. П. П. фон-Веймарна
|d Grundriss der allgemeinen Chemie
|
| 205 |
|
|
|a 4-е изд., перераб.
|
| 210 |
|
|
|a Санкт-Петербург
|c Типография Императорского Университета
|d [1910]
|
| 215 |
|
|
|a 805 с.
|c ил.
|
| 300 |
|
|
|a Текст в русской дореформенной орфографии
|
| 316 |
|
|
|5 63413507: 23//51
|a Пометы в тексте
|
| 317 |
|
|
|5 63413507: 23//51
|a Поступил в НТБ в 1921 г. по счету К. П. Гринаковского
|
| 320 |
|
|
|a Указатели: с. 781-799
|
| 510 |
1 |
|
|a Grundriss der allgemeinen Chemie
|z ger
|
| 606 |
1 |
|
|a Физическая химия
|2 stltpush
|3 (RuTPU)RU\TPU\subj\67669
|9 83390
|
| 610 |
1 |
|
|a законы сохранения
|
| 610 |
1 |
|
|a химические вещества
|
| 610 |
1 |
|
|a газы
|
| 610 |
1 |
|
|a тепловые явления
|
| 610 |
1 |
|
|a жидкости
|
| 610 |
1 |
|
|a твердые тела
|
| 610 |
1 |
|
|a стереохимия
|
| 610 |
1 |
|
|a растворы
|
| 610 |
1 |
|
|a химическое строение
|
| 610 |
1 |
|
|a химическая термодинамика
|
| 610 |
1 |
|
|a химическая кинетика
|
| 610 |
1 |
|
|a химическое равновесие
|
| 610 |
1 |
|
|a электрохимия
|
| 610 |
1 |
|
|a электролиз
|
| 610 |
1 |
|
|a дисперсные системы
|
| 610 |
1 |
|
|a фотохимия
|
| 610 |
1 |
|
|a химическое сродство
|
| 610 |
1 |
|
|a Коллекция К. П. Гринаковского
|
| 610 |
1 |
|
|a владельческие надписи
|
| 675 |
|
|
|a 544
|v 4
|
| 700 |
|
1 |
|a Оствальд
|b В. Ф.
|c немецкий физикохимик
|c философ
|c Нобелевский лауреат
|f 1853-1932
|g Вильгельм Фридрих
|2 stltpush
|3 (RuTPU)RU\TPU\pers\7114
|9 1306
|
| 702 |
|
1 |
|a фон-Веймарн
|b П. П.
|4 340
|
| 801 |
|
1 |
|a RU
|b 63413507
|c 20200807
|
| 801 |
|
2 |
|a RU
|b 63413507
|c 20210528
|g RCR
|
| 942 |
|
|
|c BK
|